000 00469nam a2200181Ia 4500
001 8185
005 20260306160550.0
008 260306t2010||||xx |||||||||||||| ||spa||
041 _aESP
082 _a370.13
_bD75
100 _aDiez Canseco Terry, Raúl
_eAUT
245 0 _aLa educación emprendedora:
_binstrumento de lucha contra la pobreza
260 _c2010
300 _a108 páginas :
_c21 c.m.
650 _aGEN
654 _aCED
942 _cLIB
_dJUS
_fJUS
_2ddc
_n
999 _c8185
_d8185